Project on the City : Harvard Design School Guide to Shopping /

El seminario Project on the City, de Harvard University, busca identificar y analizar los problemas derivados del acelarado crecimiento urbano y desarrollar planteamientos y respuestas nuevas para enfrentar de mejor manera los acelerados cambios que se están produciendo. En el caso del texto que nos...

Повний опис

Збережено в:
Бібліографічні деталі
Співавтор: Harvard University. Graduate School of Design
Інші автори: Chung, Chuihua Judy (edición) (edición), Inaba, Jeffrey (edición) (edición), Koolhaas, Rem (edición) (edición), Leong, Sze Tsung (edición) (edición)
Формат: Книга
Мова:Англійська
Опубліковано: Colonia, Alemania : Taschen, 2001, c2001
Предмети:
Теги: Додати тег
Немає тегів, Будьте першим, хто поставить тег для цього запису!

MARC

LEADER 00000nam^a2200000^a^4500
001 000185810
005 20250521000000.0
009 20260310102205.484
020 |a 3-8228-6047-6 
037 |a Acervo ITESO - Biblioteca 
041 |a ING 
082 |a 711. 409  |b HAR V. 2 
110 |a Harvard University.  |b Graduate School of Design 
240 1 1 |a [Project on the City] 
245 1 0 |a Project on the City :  |b Harvard Design School Guide to Shopping /  |c Graduate School of Design ; ed. de C.J. Chung, J. Inaba, R. Koolhaas, S.T. Leong. 
264 4 |a Colonia, Alemania :  |b Taschen,  |c 2001, c2001 
300 |a 800 p. 
336 |a texto  |b txt  |2 rdacontenido 
337 |a sin mediación  |b n  |2 rdamedio 
338 |a volumen  |b nc  |2 rdasoporte 
520 |a El seminario Project on the City, de Harvard University, busca identificar y analizar los problemas derivados del acelarado crecimiento urbano y desarrollar planteamientos y respuestas nuevas para enfrentar de mejor manera los acelerados cambios que se están produciendo. En el caso del texto que nos ocupa, estudia el surgimiento y evolución de los centros comerciales, verdaderos "templos" de la modernidad, que han transformado sustancialmente las formas de vida y relaciones de las ciudades. 
649 |a XX 
650 |a Locales Comerciales y de Servicios 
650 |a Centros Comerciales 
650 |a Consumo 
650 |a Ocio y Tiempo Libre 
650 |a Cultura Urbana 
650 |a Modernidad y Posmodernidad 
650 |a Diseño Arquitectónico 
650 |a Diseño Urbano 
650 |a Desarrollo Urbano 
650 |a Arquitectura y Sociedad 
650 |a Arte y Sociedad 
650 |a Sociología Urbana 
650 |a Urbanismo 
700 |a Chung, Chuihua Judy  |e (edición) 
700 |a Inaba, Jeffrey  |e (edición) 
700 |a Koolhaas, Rem  |e (edición) 
700 |a Leong, Sze Tsung  |e (edición) 
910 |a Fondo General 
920 |a Impresos - Libros 
930 |a Reserva Especial 
905 |a 103 
901 |a 0500126989  |b IT1  |c REE  |u 20250521 
902 |a https://opac.biblio.iteso.mx/vufind/Record/000185810